[Event "Gibraltar Challengers A 2020"]
[Site "Caleta"]
[Date "2020.01.23"]
[Round "4.21"]
[White "Paul, Nathanael"]
[Black "Hamer, Martyn"]
[Result "0-1"]
[WhiteElo "1987"]
[BlackElo "2069"]
[Annotator "NA"]
[PlyCount "142"]
[EventDate "2020.01.20"]
[EventType "swiss"]
[EventCountry "GGB"]
[SourceTitle "playchess.com"]
[Source "ChessBase"]
[SourceQuality "1"]
[TimeControl "6600+10"]

{[%evp 8,141,16,-2,2,8,-2,15,34,32767,32767,18,33,3,30,11,12,32767,32767,0,0,0,0,32767,32767,32767,5,1,4,7,32767,32767,32767,32767,0,0,32767,8,7,0,25,20,32767,-45,32767,32767,-79,-95,-38,-49,32767,32767,0,-85,-76,-102,-97,-127,-129,-137,-130,-148,32767,32767,32767,32767,32767,32767,-84,32767,32767,-88,-110,-166,-166,-150,-135,-139,-172,32767,32767,32767,32767,-163,32767,-271,-854,32767,32767,-4127,-125,-1069,-1978,32767,-10117,32767,32767,-1329,-314,-12832,-4133,-311,-3241,32767,32767,32767,32767,32767,32767,-2251,-5065,32767,-12840,-5085,-6616,-6103,32767,32767,32767,32767,32767,32767,32767,32767,-29969,32767,-29980,-29983,-29982,32767,32767,32767,-29986,32767,32767,-29987]} 1. d4 {[%emt 0:00:00]} Nf6 {[%emt 0:00:00]} 2. Bf4 {[%emt 0:00:08]} g6 {[%emt 0:00:15]} 3. Nc3 {[%emt 0:00:07]} d5 {[%emt 0:00:08]} 4. e3 {[%emt 0:00:05]} Bg7 {[%emt 0:00:09]} 5. h4 {[%emt 0:00:11]} O-O {[%emt 0:00:17]} (5... c6 6. Be2 Qb6 7. Rb1 h5 8. Nf3 Bg4 9. Ne5 Bxe2 10. Qxe2 Nbd7 11. Qf3 Qa6 {0-1 (32) Karjakin,S (2750)-Yu,Y (2752) Saint Louis 2019}) 6. h5 {[%emt 0:00:50] A45: Trompowsky Attack} c5 {[%emt 0:00:05]} 7. hxg6 {[%emt 0:00:05]} fxg6 {[%emt 0:00:04]} 8. dxc5 {[%emt 0:01:02]} Nc6 {[%emt 0:00:05]} 9. Nf3 {[%emt 0:00:30]} Qa5 $146 {[%emt 0:01:22]} ({Predecessor:} 9... Bg4 10. Be2 Qa5 11. Ng5 Bxe2 12. Qxe2 {0-1 (45) Khandhar,K (1957)-Li,G (2131) Penang 2019}) 10. Qd2 {[%emt 0:05:23]} Qxc5 {[%emt 0:00:42]} 11. Be2 {[%emt 0:03:07]} Bf5 {[%emt 0:02:22]} 12. O-O {[%emt 0:13:46]} Rad8 {[%emt 0:02:42]} 13. Nd4 {[%emt 0:05:20]} Ne4 {[%emt 0:03:47]} 14. Nxe4 {[%emt 0:04:44]} dxe4 {[%emt 0:02:09]} 15. Qc3 {[%emt 0:03:13]} Qxc3 {[%emt 0:04:49]} 16. bxc3 {[%emt 0:00:02]} e5 {[%emt 0:02:03]} 17. Bc4+ {[%emt 0:04:46]} Kh8 {[%emt 0:00:07]} 18. Nxc6 {[%emt 0:00:07]} bxc6 {[%emt 0:00:25]} 19. Bg5 {[%emt 0:00:24]} Rd2 {[%emt 0:04:51]} 20. Bb3 {[%emt 0:00:39]} Bg4 {[%emt 0:02:07]} 21. Be7 {[%emt 0:02:32]} Re8 {[%emt 0:04:49]} 22. Bb4 {[%emt 0:03:15]} Bf8 {[%emt 0:15:24]} 23. Ba5 {[%emt 0:00:10]} c5 {[%emt 0:02:40]} 24. c4 {[%emt 0:01:40]} Rd6 {[%emt 0:02:00]} 25. Bc7 {[%emt 0:05:40]} (25. Ba4 $14 Rc8 26. Bc3) 25... Ra6 {[%emt 0:03:49]} 26. f3 {[%emt 0:00:32]} exf3 {[%emt 0:00:44]} 27. gxf3 {[%emt 0:00:03]} Bc8 {[%emt 0:02:35]} 28. Rad1 {[%emt 0:00:21]} Kg7 {[%emt 0:00:39]} 29. Rd5 {[%emt 0:00:53]} Kf6 {[%emt 0:04:43]} 30. f4 {[%emt 0:06:01]} (30. e4 $11) 30... exf4 {[%emt 0:02:06]} 31. Rxf4+ {[%emt 0:00:33]} Kg7 {[%emt 0:01:58]} 32. Kf2 {[%emt 0:02:15]} Be6 {[%emt 0:05:01]} 33. Rd8 {[%emt 0:03:50]} Rxd8 {[%emt 0:00:54]} 34. Bxd8 {[%emt 0:00:03]} Bd7 {[%emt 0:02:35]} 35. c3 {[%emt 0:04:33]} Re6 {[%emt 0:01:36]} 36. Bd1 {[%emt 0:03:08]} Bd6 {[%emt 0:04:35]} 37. Bg4 {[%emt 0:00:41]} Bxf4 {[%emt 0:00:22]} 38. Bxe6 {[%emt 0:00:07]} Bxe3+ {[%emt 0:00:09]} 39. Kxe3 {[%emt 0:00:15]} Bxe6 {[%emt 0:00:03]} 40. Be7 {[%emt 0:01:53]} (40. Kd3 $17) 40... Bxc4 {[%emt 0:00:28]} 41. Bxc5 {[%emt 0:00:09]} a6 {[%emt 0:02:34]} ({Don't play} 41... Bxa2 42. Bxa7 Kf6 43. c4 $15) 42. a3 {[%emt 0:00:03]} g5 {[%emt 0:00:13]} 43. Kf3 {[%emt 0:02:39]} Kg6 {[%emt 0:00:16]} 44. Ke4 {[%emt 0:07:36]} h5 {[%emt 0:00:31]} 45. Bf2 {[%emt 0:03:45]} h4 {[%emt 0:00:30]} 46. a4 {[%emt 0:00:16]} (46. Bb6 {might work better.}) 46... Kh5 {[%emt 0:00:35]} 47. a5 {[%emt 0:00:42]} Kg4 {[%emt 0:00:36]} 48. Bc5 {[%emt 0:00:54]} Bb5 $2 {[%emt 0:01:09]} (48... Kg3 $19 49. Bd6+ Kh3) 49. Bd6 $2 {[%emt 0:00:41]} (49. Be7 $17) 49... Kh3 {[%emt 0:00:42]} 50. Be7 {[%emt 0:07:36]} g4 {[%emt 0:00:47]} 51. Kf4 {[%emt 0:00:10]} Bc6 {[%emt 0:01:36]} 52. Kg5 {[%emt 0:07:03]} g3 {[%emt 0:02:48]} 53. Bc5 {[%emt 0:00:02]} g2 {[%emt 0:02:43]} 54. Bf2 {[%emt 0:01:09]} Bd5 {[%emt 0:02:21]} 55. Kh5 {[%emt 0:00:11]} Bc4 {[%emt 0:00:22]} 56. Kg5 {[%emt 0:00:30]} Be2 {[%emt 0:00:16]} 57. Bc5 {[%emt 0:01:14]} Bb5 {[%emt 0:03:00]} 58. Bf2 {[%emt 0:00:06]} Bc4 {[%emt 0:00:29]} 59. Kh5 {[%emt 0:00:13]} Be6 {[%emt 0:00:11]} 60. Kg5 {[%emt 0:00:11]} Bf7 {[%emt 0:00:04]} 61. Bc5 {[%emt 0:00:32]} Kg3 {[%emt 0:00:46]} 62. Bd6+ {[%emt 0:00:01]} Kf3 {[%emt 0:00:10]} 63. Bh2 {[%emt 0:00:02]} h3 {[%emt 0:00:17]} 64. Kh4 {[%emt 0:00:02]} Be6 {[%emt 0:00:14]} 65. Bg1 {[%emt 0:00:04]} Bd7 {[%emt 0:00:53]} 66. c4 {[%emt 0:00:31]} Bc8 {[%emt 0:00:15]} 67. c5 {[%emt 0:00:02]} Be6 {[%emt 0:00:19]} 68. c6 {[%emt 0:00:05]} Bc8 {[%emt 0:00:28]} 69. c7 {[%emt 0:00:02]} Bd7 {[%emt 0:00:15]} 70. Bh2 {[%emt 0:01:47]} Kf2 {[%emt 0:00:08]} 71. Kg5 {[%emt 0:00:23]} g1=Q+ {[%emt 0:00:11]} 0-1

[Event "Gibraltar Challengers A 2020"]
[Site "Caleta"]
[Date "2020.01.23"]
[Round "4.22"]
[White "Hari Charan Sai Kalluri"]
[Black "Huguet, Sergio"]
[Result "1-0"]
[WhiteElo "1836"]
[BlackElo "2055"]
[Annotator "NA"]
[PlyCount "63"]
[EventDate "2020.01.20"]
[EventType "swiss"]
[EventCountry "GGB"]
[SourceTitle "playchess.com"]
[Source "ChessBase"]
[SourceQuality "1"]
[TimeControl "6600+10"]

1. d4 {[%emt 0:00:45]} Nf6 {[%emt 0:00:22]} 2. Nf3 {[%emt 0:00:32]} g6 {[%emt 0:00:18]} 3. Nc3 {[%emt 0:00:06]} Bg7 {[%emt 0:00:55]} 4. e4 {[%emt 0:00:06]} d6 {[%emt 0:00:37]} 5. Be2 {[%emt 0:00:08]} O-O {[%emt 0:02:20]} 6. Bg5 {[%emt 0:00:04]} h6 {[%emt 0:06:20]} 7. Bh4 {[%emt 0:01:10]} g5 {[%emt 0:02:38] B08: Pirc Defence: Classical System} (7... c5 8. Qd2 cxd4 9. Nxd4 Nc6 10. f3 Nxd4 11. Qxd4 g5 12. Bg3 Nh5 13. Qb4 a5 14. Qb3 Be6 15. Nd5 {0-1 (27) Chamekh,A (1981)-Boudriga,M (2366) Hammamet 2019}) 8. Bg3 {[%emt 0:00:05]} Nh5 {[%emt 0:00:57]} 9. Qd3 {[%emt 0:08:59]} Nxg3 {[%emt 0:08:33]} 10. hxg3 {[%emt 0:00:41]} e5 {[%emt 0:00:20]} 11. dxe5 {[%emt 0:02:36]} dxe5 {[%emt 0:00:47]} 12. Qxd8 {[%emt 0:02:11]} Rxd8 {[%emt 0:00:12]} 13. Nd5 {[%emt 0:00:05]} Na6 $146 {[%emt 0:12:28]} ({Predecessor:} 13... Rd7 14. O-O-O c6 15. Ne7+ Rxe7 {1-0 (27) Contedini,E-Vuruna,M Imperia 1968}) 14. Bxa6 {[%emt 0:00:37]} bxa6 {[%emt 0:00:13]} 15. Nxc7 {[%emt 0:00:24]} Rb8 {[%emt 0:00:38]} 16. Nd5 {[%emt 0:00:24]} Be6 {[%emt 0:04:35]} 17. Ne7+ {[%emt 0:00:45]} Kf8 {[%emt 0:03:29]} 18. Nc6 $1 {[%emt 0:01:10] Double Attack} Rdc8 {[%emt 0:00:44]} 19. Nxb8 {[%emt 0:00:05]} Rxb8 {[%emt 0:00:22]} 20. O-O-O {[%emt 0:00:15]} f5 {[%emt 0:01:22]} 21. Rd6 {[%emt 0:05:24]} Ke7 {[%emt 0:01:18]} 22. Rxa6 {[%emt 0:00:06]} Rb7 {[%emt 0:01:55]} 23. exf5 {[%emt 0:00:31]} Bxf5 {[%emt 0:00:10]} 24. Re1 {[%emt 0:00:43]} e4 {[%emt 0:01:51]} 25. c3 {[%emt 0:00:01]} Kf7 {[%emt 0:00:48]} 26. Nd2 {[%emt 0:00:57]} Re7 {[%emt 0:01:12]} 27. Ra4 {[%emt 0:00:06]} h5 {[%emt 0:03:10]} 28. Nxe4 {[%emt 0:00:08]} Kf8 {[%emt 0:01:07]} 29. f3 {[%emt 0:01:33]} g4 {[%emt 0:00:17]} 30. Ra5 {[%emt 0:01:22]} Bh6+ {[%emt 0:00:42]} 31. Kc2 {[%emt 0:00:10]} Bg6 {[%emt 0:00:35]} 32. b4 $18 {[%emt 0:01:04]} 1-0

[Event "Gibraltar Challengers A 2020"]
[Site "Caleta"]
[Date "2020.01.23"]
[Round "4.23"]
[White "Martinez Lopez, Jaume"]
[Black "O`Neil, Jim"]
[Result "1/2-1/2"]
[WhiteElo "2042"]
[BlackElo "1870"]
[Annotator "NA"]
[PlyCount "86"]
[EventDate "2020.01.20"]
[EventType "swiss"]
[EventCountry "GGB"]
[SourceTitle "playchess.com"]
[Source "ChessBase"]
[SourceQuality "1"]
[TimeControl "6600+10"]

1. d4 {[%emt 0:00:00]} f5 {[%emt 0:00:02]} 2. Bg5 {[%emt 0:00:01]} h6 {[%emt 0:00:44]} 3. Bh4 {[%emt 0:00:07]} g5 {[%emt 0:00:09]} 4. Bg3 {[%emt 0:00:24]} Nf6 {[%emt 0:01:58]} 5. h4 {[%emt 0:00:13]} (5. e3 d6 6. Nc3 e6 7. h4 Rg8 8. hxg5 hxg5 9. f3 Nc6 10. Qd2 Qe7 11. O-O-O Bd7 12. e4 O-O-O 13. Nge2 a6 14. exf5 {½-½ (53) Harikrishna,P (2748)-Kociscak,J (2499) Czech Republic 2019}) 5... g4 {[%emt 0:01:36]} 6. h5 {[%emt 0:01:23] A80: Dutch Defence: Unusual White second moves} d6 $146 {[%emt 0:01:33]} ({Predecessor:} 6... Bg7 7. e3 d6 8. Nc3 O-O 9. Nge2 Be6 10. Qd3 Qc8 11. d5 Bf7 12. Nd4 {½-½ (45) Fominykh,M (2305)-Ambarcumova,K (2228) Moscow 2008}) 7. Nc3 {[%emt 0:00:44]} Be6 {[%emt 0:02:29]} 8. Qd3 {[%emt 0:09:17]} Qd7 {[%emt 0:04:12]} 9. e4 {[%emt 0:00:12]} fxe4 {[%emt 0:07:25]} 10. Nxe4 {[%emt 0:00:25]} Nxe4 {[%emt 0:05:18]} 11. Qxe4 {[%emt 0:00:02]} c6 {[%emt 0:00:18]} 12. Bd3 {[%emt 0:01:35]} Na6 {[%emt 0:05:11]} 13. Qe2 {[%emt 0:08:16]} Bf5 {[%emt 0:03:40]} 14. Bxf5 {[%emt 0:08:05]} Qxf5 {[%emt 0:00:06]} 15. Bxd6 {[%emt 0:00:05]} O-O-O {[%emt 0:07:34]} 16. Be5 {[%emt 0:03:33]} Rg8 {[%emt 0:00:10]} 17. O-O-O {[%emt 0:02:46]} Nb4 {[%emt 0:04:44]} (17... Bg7 $11 {keeps the balance.}) 18. Kb1 {[%emt 0:04:35]} Bg7 {[%emt 0:03:02]} 19. f4 {[%emt 0:00:57]} gxf3 {[%emt 0:01:16]} (19... Bxe5 $11 {keeps the balance.} 20. fxe5 Qf7) 20. Nxf3 {[%emt 0:00:21]} Bf6 {[%emt 0:33:05]} 21. Nh4 {[%emt 0:21:16]} ({White should play} 21. a3 $16 Nd5 22. Qd2) 21... Qe6 $1 {[%emt 0:00:00]} 22. b3 {[%emt 0:03:00]} Nd5 $1 {[%emt 0:00:00]} 23. Qc4 {[%emt 0:04:58]} Bxe5 {[%emt 0:00:00]} 24. Rde1 $1 {[%emt 0:01:28] Pin} Rg3 {[%emt 0:06:31]} 25. Rxe5 {[%emt 0:00:36]} Qg4 {[%emt 0:02:36]} 26. Nf5 {[%emt 0:06:32]} Rc3 {[%emt 0:01:29]} 27. Qe2 {[%emt 0:01:06]} Rxb3+ {[%emt 0:01:41]} 28. Ka1 {[%emt 0:02:44]} Qxe2 {[%emt 0:00:40]} 29. Rxe2 {[%emt 0:00:02]} Ra3 {[%emt 0:01:15]} 30. Kb2 {[%emt 0:00:21]} Rxa2+ {[%emt 0:00:32]} 31. Kb3 {[%emt 0:01:22]} ({White must play} 31. Kxa2 $16 Nc3+ {[%mdl 64] Double Attack} 32. Kb3 Nxe2 33. c3) 31... Ra5 {[%emt 0:00:48]} 32. Nxh6 {[%emt 0:04:23]} Nf6 {[%emt 0:00:53]} (32... Rb5+ $15 {keeps the upper hand.} 33. Ka3 Nc3) 33. Re5 {[%emt 0:01:00]} Rdd5 {[%emt 0:00:48]} 34. Nf7 {[%emt 0:00:56]} Rdb5+ {[%emt 0:01:24] [#]} 35. Kc3 $2 {[%emt 0:00:51] [#]} (35. Kc4 $1 $16 {is forced if you want to stay better.}) 35... Ra3+ $1 {[%emt 0:02:27]} 36. Kd2 {[%emt 0:00:19]} Rxe5 {[%emt 0:00:29]} 37. Nxe5 $2 {[%emt 0:03:46]} (37. dxe5 Ne4+ 38. Ke2 Ng3+ {[%mdl 64] Double Attack} 39. Kd2 Nxh1 40. h6) 37... Ne4+ {[%emt 0:00:06]} 38. Ke2 {[%emt 0:00:05]} Ng3+ {[%emt 0:00:06] Double Attack} 39. Kd2 $19 {[%emt 0:00:06]} Ne4+ {[%emt 0:03:32]} 40. Ke2 {[%emt 0:00:12]} Ng3+ {[%emt 0:00:09]} 41. Kd2 {[%emt 0:00:27]} Nxh1 42. h6 {[%emt 0:00:02]} Rg3 43. h7 {[%emt 0:00:03]} Rxg2+ {[%emt 0:00:01]} 1/2-1/2

[Event "Gibraltar Challengers A 2020"]
[Site "Caleta"]
[Date "2020.01.23"]
[Round "4.24"]
[White "Mohota, Nisha"]
[Black "Manukonda Arun"]
[Result "0-1"]
[WhiteElo "2201"]
[BlackElo "1959"]
[Annotator "TA"]
[PlyCount "86"]
[EventDate "2020.01.20"]
[EventType "swiss"]
[EventCountry "GGB"]
[SourceTitle "playchess.com"]
[Source "ChessBase"]
[SourceQuality "1"]

{[%evp 16,86,37,35,36,35,40,35,35,36,35,20,42,0,10,0,16,14,14,22,26,26,28,30,26,31,27,27,19,18,22,25,20,28,22,-5,-17,-16,23,27,169,178,254,257,351,346,341,149,150,140,141,96,83,-7,-1,-5,0,0,0,-181,-169,-500,-494,-714,-695,-1096,-1051,-29974,-29976,-6019,-6003,-1477,-1339]} 1. Nf3 d5 2. e3 Nf6 3. c4 c6 4. b3 g6 5. Bb2 Bg7 6. Be2 O-O 7. O-O Bg4 8. d4 Nbd7 9. Nbd2 Ne4 {A12: English Opening: 1...c6 with b3 by White} (9... Re8 10. Rc1 a5 11. cxd5 cxd5 12. h3 Bxf3 13. Nxf3 Qb6 14. Qc2 e6 15. a4 Bf8 16. Bb5 Reb8 17. g4 h6 {1-0 (43) Rodshtein,M (2699)-Gozzoli,Y (2622) Brest 2019}) 10. h3 $146 ({Predecessor:} 10. cxd5 cxd5 11. Nxe4 dxe4 12. Ng5 Bxe2 13. Qxe2 Nf6 14. f3 exf3 15. Qxf3 h6 {0-1 (61) Ozturk,K (2314)-Guramishvili,S (2395) Gaziantep 2012}) 10... Bxf3 11. Bxf3 f5 {White is slightly better.} 12. Be2 e6 13. Bd3 Qg5 14. f4 Qh6 15. Nf3 Bf6 16. Ba3 Rf7 17. cxd5 exd5 18. Ne5 Rg7 19. Bxe4 dxe4 20. b4 Nb6 $1 21. Qb3+ Nd5 22. b5 $36 {[%mdl 2048] White is more active.} Bxe5 23. bxc6 bxc6 24. dxe5 g5 25. Rae1 gxf4 26. exf4 Kh8 {Hoping for ...Rag8.} 27. Bb2 Rag8 {[#]} ({But not} 27... Nxf4 $6 28. e6 $16) (27... Qe6 $11 {and Black stays safe.}) 28. e6 $1 $18 {[%mdl 512]} Nf6 (28... Qxe6 {was necessary.} 29. Bxg7+ Rxg7) 29. Rf2 Rg3 30. Re3 R3g6 31. Qb7 (31. Qc3 $18) 31... Qg7 $16 32. Qxg7+ Kxg7 33. g4 {Strongly threatening Ra3.} Kh6 {[#] ...Nd5 would now be nice for Black.} 34. g5+ ({White should play} 34. Kh2 $1 $16 Nd5 35. gxf5 Rg2+ 36. Rxg2 Rxg2+ 37. Kxg2 Nxe3+ 38. Kf2 Nxf5 39. e7 Nxe7 40. Ke3) 34... Kh5 $11 {Threatening ...Nd5.} 35. Ra3 Nd5 36. Rxa7 h6 {And now ...e3 would win.} 37. Rf7 $2 (37. Be5 $11 {and White has nothing to worry.}) 37... e3 $19 ({Resist} 37... Rxe6 38. Rxf5 e3 39. Re2) ({Much less strong is} 37... hxg5 38. Rh7+ Rh6 39. Rxh6+ Kxh6 40. fxg5+ Kg6 41. Rc2 $11) 38. Rc2 $2 (38. Rf1 {is tougher.}) 38... Rxe6 {White must now prevent ...e2.} 39. Kf1 (39. Be5 $142 hxg5 40. Rg2) 39... Nxf4 {aiming for ...Rd8.} 40. Bc3 e2+ 41. Kf2 Nd3+ 42. Kf3 e1=Q 43. Bxe1 Nxe1+ {Accuracy: White = 47%, Black = 54%.} 0-1

[Event "Gibraltar Challengers A 2020"]
[Site "Caleta"]
[Date "2020.01.23"]
[Round "4.25"]
[White "Kukic, Boris"]
[Black "Perez Ruiz, Santiago"]
[Result "1-0"]
[WhiteElo "2056"]
[BlackElo "1953"]
[Annotator "NA"]
[PlyCount "99"]
[EventDate "2020.01.20"]
[EventType "swiss"]
[EventCountry "GGB"]
[SourceTitle "playchess.com"]
[Source "ChessBase"]
[SourceQuality "1"]
[TimeControl "6600+10"]

1. e4 {[%emt 0:00:00]} e5 {[%emt 0:04:28]} 2. Nf3 {[%emt 0:00:00]} Nc6 {[%emt 0:00:11]} 3. Bc4 {[%emt 0:00:19]} Bc5 {[%emt 0:04:44]} 4. c3 {[%emt 0:00:31]} Nf6 {[%emt 0:00:12]} 5. d3 {[%emt 0:03:08]} d6 {[%emt 0:02:23]} 6. h3 {[%emt 0:00:13]} h6 {[%emt 0:00:16]} 7. O-O {[%emt 0:00:04]} O-O {[%emt 0:00:20]} 8. d4 {[%emt 0:00:19] C54: Giuoco Piano: 4 c3 Nf6, main lines with 5 d4 and 5 d3} (8. Re1 a6 9. a4 a5 10. Nbd2 Be6 11. b3 Re8 12. Bb5 Bd7 13. Bb2 Ba7 14. Nf1 Ne7 15. Bxd7 Qxd7 16. Ng3 {1-0 (40) Le,Q (2713)-Vidit,S (2721) Moscow 2019}) 8... exd4 {[%emt 0:02:05]} 9. cxd4 {[%emt 0:00:07]} Bb6 {[%emt 0:02:51]} 10. Nc3 {[%emt 0:00:11]} a6 {[%emt 0:02:17]} (10... Nxe4 $1 $11 {keeps the balance.} 11. Re1 (11. Nxe4 d5 $15 {[%mdl 64] Double Attack}) 11... Nxc3 12. bxc3 Qf6) 11. Re1 {[%emt 0:00:12]} Bd7 {[%emt 0:02:32]} 12. a3 {[%emt 0:00:08]} Re8 $146 {[%emt 0:03:10]} ({Predecessor:} 12... Ne7 13. e5 Nh5 14. Nh2 g6 15. Bxh6 Ng7 16. Bg5 Ne6 17. Bf6 Re8 18. Nd5 dxe5 19. Qd2 {1-0 (19) Nguyen,T-Nguyen,D Ho Chi Minh City 2016}) 13. Ba2 {[%emt 0:00:17]} Qb8 {[%emt 0:01:37]} 14. Qd3 {[%emt 0:04:46]} Qa7 {[%emt 0:10:54]} 15. Be3 {[%emt 0:02:40]} Ne7 {[%emt 0:01:43]} 16. Rac1 {[%emt 0:01:45]} Rad8 {[%emt 0:00:59] [#]} 17. Qc2 {[%emt 0:01:10]} (17. Qd2 $1 $18) 17... Ng6 {[%emt 0:05:16]} 18. e5 {[%emt 0:01:10]} Nxe5 {[%emt 0:05:37]} 19. dxe5 {[%emt 0:00:36]} dxe5 {[%emt 0:00:20]} 20. Bxb6 {[%emt 0:00:13]} Qxb6 {[%emt 0:00:41]} 21. Rxe5 {[%emt 0:00:10]} Bc6 {[%emt 0:01:41]} 22. Rxe8+ {[%emt 0:00:15]} Rxe8 {[%emt 0:00:32]} 23. Qb3 {[%emt 0:00:32]} Qxb3 {[%emt 0:01:24]} 24. Bxb3 {[%emt 0:00:07]} Bxf3 {[%emt 0:00:23]} 25. gxf3 {[%emt 0:00:12]} Nh5 {[%emt 0:00:12]} 26. Ne4 {[%emt 0:01:18]} Re7 {[%emt 0:00:29]} 27. Rd1 {[%emt 0:01:20]} Nf4 {[%emt 0:00:19]} 28. Kh2 {[%emt 0:00:34]} Kh7 {[%emt 0:00:18]} 29. Ng3 {[%emt 0:00:29]} g6 {[%emt 0:00:24]} 30. Rd4 {[%emt 0:00:49]} g5 {[%emt 0:01:07]} 31. Bd5 {[%emt 0:00:43]} c5 {[%emt 0:00:40]} 32. Be4+ {[%emt 0:00:13]} f5 {[%emt 0:00:34]} 33. Nxf5 {[%emt 0:00:44]} cxd4 {[%emt 0:00:53]} 34. Nxe7+ {[%emt 0:00:11]} Kg7 {[%emt 0:00:16]} 35. Nf5+ {[%emt 0:00:15]} Kf6 {[%emt 0:00:26]} 36. Nxd4 {[%emt 0:00:13]} Ke5 {[%emt 0:00:12]} 37. Nf5 {[%emt 0:00:49]} h5 {[%emt 0:00:20]} 38. Ne7 {[%emt 0:00:25]} b6 {[%emt 0:02:41]} 39. Ng6+ {[%emt 0:00:11]} Kd4 {[%emt 0:00:09]} 40. Nxf4 {[%emt 0:00:13]} gxf4 {[%emt 0:00:05]} 41. h4 {[%emt 0:00:06]} Kc4 {[%emt 0:00:12]} 42. Bg6 {[%emt 0:00:55]} Kb3 $18 {[%emt 0:00:31]} 43. Bxh5 {[%emt 0:00:09]} b5 {[%emt 0:00:15]} 44. Bg6 {[%emt 0:00:17]} Kxb2 {[%emt 0:00:08]} 45. h5 {[%emt 0:00:05]} Kxa3 {[%emt 0:00:11]} 46. h6 {[%emt 0:00:05]} a5 {[%emt 0:00:16]} 47. h7 {[%emt 0:00:07]} b4 {[%emt 0:00:11]} 48. h8=Q {[%emt 0:00:08]} a4 {[%emt 0:00:33]} 49. Qa1+ {[%emt 0:00:11]} Kb3 {[%emt 0:00:09]} 50. Bf7+ {[%emt 0:00:09]} 1-0

[Event "Gibraltar Challengers A 2020"]
[Site "Caleta"]
[Date "2020.01.23"]
[Round "4.26"]
[White "Karlsson, Jorgen"]
[Black "Aura, Kristian"]
[Result "1-0"]
[WhiteElo "2054"]
[BlackElo "1928"]
[Annotator "NA"]
[PlyCount "73"]
[EventDate "2020.01.20"]
[EventType "swiss"]
[EventCountry "GGB"]
[SourceTitle "playchess.com"]
[Source "ChessBase"]
[SourceQuality "1"]
[TimeControl "6600+10"]

{[%evp 10,73,5,12,-1,32767,27,-4,-2,32767,-14,-19,32767,32767,-43,32767,32767,32767,-42,-54,-58,32767,32767,32767,-73,32767,32767,32767,-62,32767,32767,-58,-61,32767,-69,-90,32767,32767,-89,-85,-99,-97,32767,32767,32767,32767,203,32767,208,214,219,32767,270,32767,32767,364,32767,387,32767,32767,32767,719,32767,32767,1795,1912]} 1. d4 {[%emt 0:05:47]} d5 {[%emt 0:00:00]} 2. Bf4 {[%emt 0:01:00]} c5 {[%emt 0:00:29]} 3. e3 {[%emt 0:00:12]} cxd4 {[%emt 0:00:24]} 4. exd4 {[%emt 0:00:10]} Nc6 {[%emt 0:00:16]} 5. c3 {[%emt 0:00:47]} Bf5 {[%emt 0:00:30]} 6. Nd2 {[%emt 0:02:57] B13: Caro-Kann: Exchange Variation and Panov-Botvinnik Attack} e6 {[%emt 0:00:23]} 7. Ngf3 {[%emt 0:00:34]} Nge7 {[%emt 0:01:08]} (7... Bd6 8. Bxd6 Qxd6 9. Nh4 Bg6 10. g3 Nf6 11. Nxg6 hxg6 12. Bd3 O-O-O 13. Nf3 {½-½ (55) Duda,J (2758)-Artemiev,V (2731) Moscow 2019}) 8. h3 {[%emt 0:00:41]} Ng6 {[%emt 0:06:57]} 9. Bh2 {[%emt 0:00:49]} Bd6 {[%emt 0:03:34]} 10. Bxd6 $146 {[%emt 0:13:02]} ({Predecessor:} 10. Bb5 Bxh2 11. Nxh2 h5 12. O-O Nf4 13. Ndf3 {½-½ (27) Neverov,V (2496)-Atakisi,U (2403) Skopje 2019}) 10... Qxd6 {[%emt 0:00:06]} 11. g3 {[%emt 0:00:07]} O-O {[%emt 0:01:23]} 12. Bg2 {[%emt 0:07:38]} f6 {[%emt 0:10:30]} 13. O-O {[%emt 0:00:54]} e5 {[%emt 0:01:15]} 14. Nb3 {[%emt 0:00:22]} e4 {[%emt 0:01:27]} 15. Nh2 {[%emt 0:03:18]} Rae8 {[%emt 0:02:49]} 16. Qh5 {[%emt 0:04:24]} Bc8 {[%emt 0:03:01]} 17. f4 {[%emt 0:00:59]} b6 {[%emt 0:05:36]} 18. Ng4 {[%emt 0:02:05]} a5 {[%emt 0:18:30]} 19. Ne3 {[%emt 0:03:27]} Ba6 {[%emt 0:02:48]} 20. Rfe1 $2 {[%emt 0:01:57]} (20. Qxd5+ $16 Qxd5 21. Nxd5 Bxf1 22. Bxf1) 20... Nge7 {[%emt 0:00:50]} 21. Nd2 {[%emt 0:02:43]} g6 {[%emt 0:00:28]} 22. Qh6 {[%emt 0:04:18]} f5 {[%emt 0:12:23]} 23. Bf1 {[%emt 0:00:28]} Bxf1 {[%emt 0:00:47]} 24. Rxf1 {[%emt 0:00:57]} Qf6 {[%emt 0:00:43]} 25. Rf2 {[%emt 0:02:48]} Nxd4 {[%emt 0:06:29]} 26. cxd4 {[%emt 0:00:06]} Qxd4 {[%emt 0:00:08]} 27. Ndf1 {[%emt 0:00:03]} Qb4 $2 {[%emt 0:03:40]} (27... Qf6 $11) 28. Rd1 {[%emt 0:05:22]} Rd8 {[%emt 0:02:02] [#]} 29. Nc2 $1 {[%emt 0:00:51]} Qd6 {[%emt 0:12:52]} 30. Nfe3 {[%emt 0:03:50]} Rd7 {[%emt 0:00:18]} 31. Nd4 {[%emt 0:06:22]} Rc8 {[%emt 0:00:37]} 32. g4 {[%emt 0:00:47]} Kh8 {[%emt 0:03:26]} 33. gxf5 {[%emt 0:03:14]} Rg8 {[%emt 0:02:21]} 34. Kh2 {[%emt 0:00:40]} Qf6 {[%emt 0:00:55]} 35. Ng4 {[%emt 0:01:39]} Qd6 {[%emt 0:02:08]} 36. Ne5 {[%emt 0:00:42]} Nxf5 $18 {[%emt 0:01:30]} 37. Nxf5 {[%emt 0:00:17] Pin} 1-0